书目信息 |
| 题名: |
风景园林设计
|
|
| 作者: | ;张国强 , 贾建中 主编 ;中国勘察设计协会园林设计分会 , 中国风景园林学会信息委员会 组织 | |
| 分册: | ||
| 出版信息: | 北京 中国建筑工业出版社 2003.01 |
|
| 页数: | 287页 | |
| 开本: | 28cm | |
| 丛书名: | ||
| 单 册: | ||
| 中图分类: | TU986.2 | |
| 科图分类: | ||
| 主题词: | 园林--规划 , 公园--绿化规划 | |
| 电子资源: | ||
| ISBN: | 7-112-05516-4 | |
| 000 | 01213nam0 2200265 45 | |
| 001 | 0460759908 | |
| 005 | 20240929171211.22 | |
| 010 | @a7-112-05516-4@b精装@dCNY 178.00 | |
| 100 | @a20040425d2003 km y0chiy0120 ea | |
| 101 | 0 | @achi |
| 102 | @aCN@b110000 | |
| 200 | 1 | @a风景园林设计@Afeng jing yuan lin she ji@e中国风景园林规划作品集粹@f中国勘察设计协会园林设计分会,中国风景园林学会信息委员会组织;张国强,贾建中主编@Fzhong guo kan cha she ji xie hui yuan lin she ji fen hui,zhong guo feng jing yuan lin xue hui xin xi wei yuan hui zu zhi;zhang guo qiang,jia jian zhong zhu bian |
| 210 | @a北京@c中国建筑工业出版社@d2003.01 | |
| 215 | @a287页@d28cm | |
| 503 | @n河南城建学院图书馆 | |
| 517 | 1 | @a中国风景园林规划作品集粹@Azhong guo feng jing yuan lin gui hua zuo pin ji cui |
| 606 | 0 | @a园林@x规划 |
| 606 | 0 | @a公园@x绿化规划 |
| 690 | @aTU986.2@v3 | |
| 702 | 0 | @a张国强@Azhang guo qiang@4主编 |
| 702 | 0 | @a贾建中@Ajia jian zhong@4主编 |
| 711 | 02 | @a中国勘察设计协会园林设计分会@Azhong guo kan cha she ji xie hui yuan lin she ji fen hui@4组织 |
| 711 | 02 | @a中国风景园林学会信息委员会@Azhong guo feng jing yuan lin xue hui xin xi wei yuan hui@4组织 |
| 801 | 0 | @aCN@bPFT@c20040425 |
| 905 | @dTU986.2@eZ100 | |
| 风景园林设计:中国风景园林规划作品集粹/中国勘察设计协会园林设计分会,中国风景园林学会信息委员会组织;张国强,贾建中主编.-北京:中国建筑工业出版社,2003.01 |
| 287页;28cm |
| ISBN 7-112-05516-4(精装):CNY 178.00 |
| ● |
| 相关链接 |
|
|
|
正题名:风景园林设计
索取号:TU986.2/Z100
 
预约/预借
| 序号 | 登录号 | 条形码 | 馆藏地/架位号 | 状态 | 备注 |
| 1 | 1553031 | 215530316 | 自科库201/ [索取号:TU986.2/Z100] | 在馆 | |
| 2 | 392017 | 203920178 | 建筑库201/201建筑库 110排2列6层/ [索取号:TU986.2/Z100] | 在馆 |